[Event "Manhem Chessweek"]
[Site "Biblioteksgatan 2, Mölnlycke"]
[Date "2015.08.12"]
[Round "6.1"]
[White "Westerberg, Jonathan"]
[Black "Hultin, Johan"]
[Result "1-0"]
[WhiteElo "2464"]
[BlackElo "2355"]
[PlyCount "147"]
[EventDate "2015.08.08"]

1. e4 c6 2. d4 d5 3. Nc3 dxe4 4. Nxe4 Bf5 5. Ng3 Bg6 6. Nh3 e6 7. Nf4 Bd6 8. h4
Qc7 9. Nxg6 hxg6 10. Ne4 Bf4 11. Bxf4 Qxf4 12. Ng5 Nf6 13. g3 Qc7 14. Bg2 Nbd7
15. O-O O-O 16. c3 Qb6 17. Qb3 Rfe8 18. Rfd1 Rad8 19. Rd2 Qxb3 20. axb3 a6 21.
Ra5 Nb6 22. Re2 Nbd5 23. Nf3 Nd7 24. Nd2 N5b6 25. Ne4 Nc8 26. Nd2 Nd6 27. f4
Kf8 28. b4 Nf6 29. Bf3 Ke7 30. Ra1 Kd7 31. Kf2 Kc7 32. Nb3 Rh8 33. Nc5 Nf5 34.
Nd3 Nd6 35. Bg2 Ra8 36. Ne5 Rhf8 37. Bf3 Nd5 38. Rh1 Nf6 39. g4 a5 40. bxa5
Rxa5 41. g5 Nd5 42. Nd3 Rh8 43. Bg4 Ne7 44. Kf3 Raa8 45. Reh2 Rh7 46. h5 Rah8
47. h6 gxh6 48. Rxh6 Rxh6 49. Rxh6 Rf8 50. Rh7 Kd8 51. Ne5 f6 52. gxf6 Rxf6 53.
Ke3 Nd5+ 54. Kd2 Ne4+ 55. Kc1 Kc8 56. Nd7 Rxf4 57. Bxe6 Rf1+ 58. Kc2 Nf4 59.
Nc5+ Nxe6 60. Nxe4 Kb8 61. Nd6 Nc7 62. Rg7 Rg1 63. Kb3 Rg2 64. Ne4 b6 65. Rg8+
Ka7 66. Rc8 Nd5 67. Rxc6 g5 68. Rg6 g4 69. c4 Nf4 70. Rg7+ Ka6 71. Nc3 Ne6 72.
Rd7 Rd2 73. Nd5 Rd3+ 74. Ka4 1-0

[Event "Manhem Chessweek"]
[Site "Biblioteksgatan 2, Mölnlycke"]
[Date "2015.08.12"]
[Round "6.2"]
[White "Wiedenkeller, Michael"]
[Black "Smith, Axel"]
[Result "1/2-1/2"]
[WhiteElo "2453"]
[BlackElo "2457"]
[PlyCount "129"]
[EventDate "2015.08.08"]

1. d4 Nf6 2. c4 c5 3. d5 b5 4. Qc2 bxc4 5. e4 e6 6. Bxc4 exd5 7. exd5 d6 8. Nc3
Be7 9. h3 O-O 10. Nf3 Nbd7 11. O-O Nb6 12. b3 Rb8 13. Qd3 Nxc4 14. bxc4 Re8 15.
Re1 h6 16. Bf4 Bd7 17. Nb5 Bxb5 18. cxb5 Qd7 19. a4 Qb7 20. Red1 Bf8 21. Bc1
Rbc8 22. Bb2 c4 23. Qd4 Rc5 24. Nd2 Rec8 25. Bc3 Qxd5 26. Nf3 Qb7 27. Qh4 Rh5
28. Qf4 Qe4 29. Qxe4 Nxe4 30. Bd4 Rc7 31. Rdc1 g6 32. b6 axb6 33. Bxb6 Rc8 34.
a5 Bg7 35. Ra2 Rb5 36. Bd4 d5 37. a6 Ra8 38. a7 Rb7 39. Be3 f5 40. Ra5 Nc3 41.
Kf1 Rb3 42. Rc5 Ra3 43. Rc6 g5 44. Bc5 Ra2 45. Nd4 Ne4 46. Ne6 Nxc5 47. Rxc5
Bb2 48. Rb1 R8xa7 49. Rxd5 Re7 50. Rd6 Kf7 51. Nd8+ Kg7 52. Ne6+ Kh7 53. g3 Be5
54. Rc6 c3 55. Re1 c2 56. Nd4 Rd7 57. Rxe5 Ra1+ 58. Re1 Rxd4 59. Rxa1 Rd1+ 60.
Ke2 Rxa1 61. Rxc2 Rh1 62. Rc5 Kg6 63. Rc6+ Kg7 64. Rc7+ Kg6 65. Rc6+ 1/2-1/2

[Event "Manhem Chessweek"]
[Site "Biblioteksgatan 2, Mölnlycke"]
[Date "2015.08.12"]
[Round "6.3"]
[White "Hillarp Persson, Tiger"]
[Black "Johansson, Linus"]
[Result "0-1"]
[WhiteElo "2541"]
[BlackElo "2379"]
[PlyCount "60"]
[EventDate "2015.08.08"]

1. d4 Nf6 2. c4 e6 3. Nc3 Bb4 4. e3 O-O 5. Bd3 c5 6. Nf3 Nc6 7. O-O Bxc3 8.
bxc3 d6 9. Rb1 e5 10. d5 Ne7 11. Nd2 b6 12. Qc2 g6 13. f3 Nh5 14. f4 f5 15.
fxe5 dxe5 16. e4 Nf4 17. Rxf4 exf4 18. e5 g5 19. Nf3 Ng6 20. g4 fxg4 21. Bxg6
gxf3 22. Bxh7+ Kh8 23. e6 Qf6 24. Be4 Bxe6 25. dxe6 Qxe6 26. Bxf3 Qe1+ 27. Kg2
g4 28. Bxa8 f3+ 29. Bxf3 gxf3+ 30. Kh3 f2 0-1

[Event "Manhem Chessweek"]
[Site "Biblioteksgatan 2, Mölnlycke"]
[Date "2015.08.12"]
[Round "6.4"]
[White "Rozentalis, Eduardas"]
[Black "Fries-Nielsen, Jens Ove"]
[Result "0-1"]
[WhiteElo "2528"]
[BlackElo "2434"]
[PlyCount "124"]
[EventDate "2015.08.08"]

1. e4 a6 2. d4 b5 3. Bd3 Bb7 4. Nf3 e6 5. O-O c5 6. c3 d6 7. Re1 Nd7 8. Nbd2 g5
9. h3 h5 10. Nf1 Be7 11. a4 b4 12. a5 cxd4 13. cxd4 Nh6 14. Bd2 g4 15. hxg4
Nxg4 16. Bxb4 Rg8 17. d5 Nde5 18. Nxe5 Nxe5 19. dxe6 fxe6 20. Qxh5+ Kd7 21.
Rad1 Rg5 22. Qh3 Qh8 23. Ng3 Nf3+ 24. Kf1 Qxh3 25. gxh3 Nxe1 26. Bxe1 Rh8 27.
Kg2 Rh4 28. Bd2 Rg8 29. Kh2 Bg5 30. Bxg5 Rxg5 31. b4 Rf4 32. Rd2 Kc7 33. Bf1
Kb8 34. Bg2 d5 35. exd5 exd5 36. Rb2 d4 37. Kg1 Bxg2 38. Kxg2 Kb7 39. Rd2 Kc6
40. f3 Kb5 41. Kf2 Kxb4 42. Ne2 Rh4 43. Nxd4 Kc3 44. Ne6 Rxa5 45. Rd6 Rc4 46.
Kg3 Ra1 47. h4 a5 48. Ng5 a4 49. Ne4+ Kc2 50. Rd2+ Kc1 51. Rd3 Kb2 52. Rd2+ Rc2
53. Rd5 Rg1+ 54. Kf4 a3 55. Rb5+ Kc1 56. Nc5 a2 57. Nb3+ Kd1 58. Ra5 Rgg2 59.
h5 Rb2 60. Nd4 Rb4 61. Ke5 Rg5+ 62. Nf5 Rb5+ 0-1

[Event "Manhem Chessweek"]
[Site "Biblioteksgatan 2, Mölnlycke"]
[Date "2015.08.12"]
[Round "6.5"]
[White "Blomqvist, Erik"]
[Black "Zelbel, Patrick"]
[Result "1-0"]
[WhiteElo "2508"]
[BlackElo "2450"]
[PlyCount "51"]
[EventDate "2015.08.08"]

1. e4 e5 2. Nf3 Nc6 3. Bb5 a6 4. Ba4 Nf6 5. O-O Be7 6. d3 b5 7. Bb3 d6 8. a3
O-O 9. Nc3 Nb8 10. Ne2 c5 11. Ng3 Nc6 12. c3 Be6 13. Bxe6 fxe6 14. b4 d5 15.
Be3 c4 16. dxc4 bxc4 17. h3 Qc7 18. Qc2 Bd6 19. Rad1 Rad8 20. Ng5 Qe7 21. exd5
exd5 22. Nf5 Qc7 23. Rxd5 Rfe8 24. Rxd6 Rxd6 25. Nxd6 Qxd6 26. Rd1 1-0

[Event "Manhem Chessweek"]
[Site "Biblioteksgatan 2, Mölnlycke"]
[Date "2015.08.12"]
[Round "7.1"]
[White "Fries-Nielsen, Jens Ove"]
[Black "Blomqvist, Erik"]
[Result "0-1"]
[WhiteElo "2434"]
[BlackElo "2508"]
[PlyCount "120"]
[EventDate "2015.08.08"]

1. a3 d5 2. b4 e5 3. Bb2 Bd6 4. c4 dxc4 5. e4 Be6 6. f4 Nd7 7. Nf3 f6 8. Qc2
exf4 9. Bxc4 Qe7 10. Bxe6 Qxe6 11. O-O Nh6 12. Nc3 O-O 13. Nb5 c6 14. Nfd4 Qe7
15. Qc4+ Kh8 16. Nxd6 Qxd6 17. Qe6 Nf7 18. Qxd6 Nxd6 19. Rxf4 Rfe8 20. d3 Ne5
21. Rd1 a5 22. bxa5 Rxa5 23. Rff1 Kg8 24. Nc2 Rb5 25. Ba1 Rb3 26. d4 Nd7 27.
Rf3 Rb5 28. a4 Ra5 29. e5 Nf7 30. Rb3 Nd8 31. Ne3 Rxa4 32. Nf5 fxe5 33. dxe5
Nc5 34. Rg3 Nde6 35. Rf1 h5 36. h4 Kh7 37. Nd6 Re7 38. Bb2 Rd7 39. Rh3 Rg4 40.
Ba3 Ne4 41. Re3 N4c5 42. Bxc5 Nxc5 43. Rf5 g6 44. Rf6 Re7 45. e6 Kg7 46. Rf7+
Rxf7 47. exf7 Rd4 48. Re8 Nd7 49. Rg8+ Kf6 50. Rd8 Nf8 51. Ne8+ Ke5 52. Nd6
Rxd6 53. Rxf8 Kf6 54. Rb8 Kxf7 55. Rxb7+ Ke6 56. Kf2 c5 57. Ke3 Rc6 58. Kd3 c4+
59. Kc3 Kf5 60. Re7 Kg4 0-1

[Event "Manhem Chessweek"]
[Site "Biblioteksgatan 2, Mölnlycke"]
[Date "2015.08.12"]
[Round "7.2"]
[White "Johansson, Linus"]
[Black "Westerberg, Jonathan"]
[Result "1/2-1/2"]
[WhiteElo "2379"]
[BlackElo "2464"]
[PlyCount "63"]
[EventDate "2015.08.08"]

1. c4 e5 2. g3 Nc6 3. Nc3 f5 4. Nf3 Nf6 5. d4 e4 6. Nh4 d6 7. Bh3 g6 8. Bg5 Bg7
9. O-O Ne7 10. f3 exf3 11. Nxf3 h6 12. Bxf6 Bxf6 13. e4 fxe4 14. Bxc8 Qxc8 15.
Nxe4 Bg7 16. Qb3 O-O 17. Rae1 Nf5 18. d5 Qd7 19. Qc2 Rae8 20. b3 Re7 21. Qd3
Rfe8 22. Kg2 c5 23. h3 Qd8 24. Re2 Rf8 25. g4 Nd4 26. Nxd4 Bxd4 27. Rxf8+ Qxf8
28. Nd2 Rxe2+ 29. Qxe2 Be5 30. Nf3 Qf4 31. Nxe5 dxe5 32. Qf3 1/2-1/2

[Event "Manhem Chessweek"]
[Site "Biblioteksgatan 2, Mölnlycke"]
[Date "2015.08.12"]
[Round "7.3"]
[White "Zelbel, Patrick"]
[Black "Hillarp Persson, Tiger"]
[Result "0-1"]
[WhiteElo "2450"]
[BlackElo "2541"]
[PlyCount "100"]
[EventDate "2015.08.08"]

1. e4 g6 2. d4 Bg7 3. Nc3 d6 4. Be3 a6 5. f4 b5 6. Nf3 Bb7 7. Bd3 Nf6 8. e5 Ng4
9. Bd2 c5 10. dxc5 dxe5 11. h3 Nf6 12. fxe5 Nfd7 13. e6 fxe6 14. Ng5 Nxc5 15.
Qe2 Nc6 16. Nxe6 Nxe6 17. Qxe6 Ne5 18. O-O Qd7 19. Qxd7+ Kxd7 20. Be4 Bxe4 21.
Nxe4 Nc4 22. c3 Rhf8 23. Bg5 Nxb2 24. Rfb1 Nc4 25. a4 h6 26. Bh4 g5 27. Bf2 Kc6
28. axb5+ axb5 29. Ba7 Kd5 30. Nf2 Nd6 31. Re1 Bxc3 32. Rad1+ Kc6 33. Rxe7 Rae8
34. Rh7 Re6 35. Rc1 b4 36. Nd3 Kb5 37. Bc5 Rc8 38. Bf2 Kc4 39. Nb2+ Kb3 40. Nd1
Ne4 41. Be3 Nd6 42. Rd7 h5 43. Rb1+ Kc2 44. Rc1+ Kd3 45. Nxc3 Rxc3 46. Rd1+ Ke2
47. R7xd6 Rxd6 48. Rxd6 Rxe3 49. Rb6 b3 50. Rb5 g4 0-1

[Event "Manhem Chessweek"]
[Site "Biblioteksgatan 2, Mölnlycke"]
[Date "2015.08.12"]
[Round "7.4"]
[White "Smith, Axel"]
[Black "Rozentalis, Eduardas"]
[Result "1/2-1/2"]
[WhiteElo "2457"]
[BlackElo "2528"]
[PlyCount "115"]
[EventDate "2015.08.08"]

1. c4 e6 2. Nc3 Nf6 3. e4 c5 4. e5 Ng8 5. Nf3 Nc6 6. d4 cxd4 7. Nxd4 Nxe5 8.
Ndb5 a6 9. Nd6+ Bxd6 10. Qxd6 f6 11. Be3 Ne7 12. Bb6 Nf5 13. Qb4 Nc6 14. Qc5 d6
15. Bxd8 dxc5 16. Bb6 Ne5 17. Bxc5 Bd7 18. Bb6 Bc6 19. f3 h5 20. Be2 h4 21. O-O
Kf7 22. b4 Rac8 23. Rac1 Ng6 24. Bd3 Nf4 25. Bxf5 exf5 26. Rfd1 Rhe8 27. Kf2
Re6 28. Bc5 g5 29. Bd6 Ng6 30. a4 Ne5 31. Bxe5 Rxe5 32. Rd6 h3 33. gxh3 g4 34.
f4 Re7 35. hxg4 fxg4 36. Nd5 Bxd5 37. Rxd5 Re4 38. Kg3 Rcxc4 39. Rxc4 Rxc4 40.
Kxg4 Ke6 41. Rd1 Rxb4 42. Ra1 a5 43. h4 b5 44. axb5 Rxb5 45. h5 Kf7 46. Rc1 Rb7
47. Rc6 Ra7 48. Kf5 a4 49. Rxf6+ Kg7 50. Rg6+ Kh7 51. Rg1 a3 52. Ke6 Ra6+ 53.
Kd5 a2 54. Ra1 Kh6 55. Kc4 Kxh5 56. Kb3 Kg4 57. Rxa2 Rxa2 58. Kxa2 1/2-1/2

[Event "Manhem Chessweek"]
[Site "Biblioteksgatan 2, Mölnlycke"]
[Date "2015.08.12"]
[Round "7.5"]
[White "Hultin, Johan"]
[Black "Wiedenkeller, Michael"]
[Result "0-1"]
[WhiteElo "2355"]
[BlackElo "2453"]
[PlyCount "80"]
[EventDate "2015.08.08"]

1. d4 Nf6 2. c4 e6 3. Nc3 Bb4 4. e3 d5 5. Nge2 dxc4 6. a3 Ba5 7. Qa4+ Nc6 8.
Qxc4 e5 9. b4 Bb6 10. dxe5 Nxe5 11. Qb5+ Nfd7 12. Nf4 c6 13. Qa4 Ng6 14. Nxg6
hxg6 15. Bb2 Ne5 16. Rd1 Bd7 17. Ne4 Qe7 18. Nd6+ Kf8 19. Qb3 Be6 20. Qc3 f6
21. Qc2 Bd5 22. Nc8 Qe6 23. Nxb6 axb6 24. Qc3 g5 25. Rd4 Kf7 26. e4 Ba2 27. Be2
b5 28. O-O Bc4 29. Bxc4 bxc4 30. Rfd1 Nd3 31. R1xd3 cxd3 32. Qxd3 Rhe8 33. h3
Kg8 34. f3 Rac8 35. Rd6 Qf7 36. e5 fxe5 37. Qe4 Re6 38. Rd2 Qf4 39. Qc2 Rce8
40. Re2 e4 0-1

[Event "Manhem Chessweek"]
[Site "Biblioteksgatan 2, Mölnlycke"]
[Date "2015.08.13"]
[Round "8.1"]
[White "Blomqvist, Erik"]
[Black "Smith, Axel"]
[Result "1/2-1/2"]
[WhiteElo "2508"]
[BlackElo "2457"]
[PlyCount "133"]
[EventDate "2015.08.08"]

1. c4 e5 2. Nc3 Bb4 3. Nd5 Be7 4. d4 d6 5. Nf3 e4 6. Nd2 c6 7. Nxe7 Qxe7 8. Nb1
Nf6 9. Nc3 O-O 10. Bg5 Re8 11. e3 h6 12. Bh4 Bf5 13. Be2 Nbd7 14. g4 Bg6 15.
Bg3 a6 16. a4 c5 17. dxc5 dxc5 18. Qd6 Qd8 19. O-O-O Re6 20. Qc7 Qxc7 21. Bxc7
Ne5 22. Bxe5 Rxe5 23. h4 Kf8 24. Rd6 Ke7 25. Rhd1 Re6 26. R6d2 Re5 27. Rg1 Rd8
28. a5 Rxd2 29. Kxd2 Kd6 30. Bd1 Re6 31. Bc2 Nd7 32. h5 Bh7 33. f4 Nf6 34. Ke2
Kc6 35. Ba4+ Kc7 36. Rd1 Rd6 37. Rxd6 Kxd6 38. Bc2 Kc6 39. f5 Nxg4 40. Bxe4+
Kc7 41. Nd5+ Kd6 42. Nb6 Ne5 43. Kd2 f6 44. Bxb7 Bxf5 45. Bxa6 Nc6 46. Bb7 Nxa5
47. Bf3 Be6 48. Kc3 Nc6 49. Be2 Bf7 50. b3 f5 51. Na4 g5 52. hxg6 Bxg6 53. Nb2
Ne5 54. b4 h5 55. bxc5+ Kxc5 56. Nd3+ Nxd3 57. Bxd3 h4 58. Bf1 Bh5 59. Kd3 Bf3
60. Kd2 Bg4 61. Ke1 h3 62. Kf2 h2 63. Bg2 Kxc4 64. Kg3 Kd3 65. e4 fxe4 66.
Bxe4+ Kxe4 67. Kxh2 1/2-1/2

[Event "Manhem Chessweek"]
[Site "Biblioteksgatan 2, Mölnlycke"]
[Date "2015.08.13"]
[Round "8.2"]
[White "Westerberg, Jonathan"]
[Black "Zelbel, Patrick"]
[Result "1/2-1/2"]
[WhiteElo "2464"]
[BlackElo "2450"]
[PlyCount "100"]
[EventDate "2015.08.08"]

1. e4 e5 2. Nf3 Nc6 3. Bc4 Nf6 4. d4 exd4 5. e5 d5 6. Bb5 Nd7 7. O-O Be7 8.
Bxc6 bxc6 9. Nxd4 Nb8 10. Nc3 O-O 11. Qf3 Bd7 12. Nce2 Re8 13. Re1 c5 14. Nf5
Bxf5 15. Qxf5 Qd7 16. Qxd7 Nxd7 17. f4 Bf8 18. Ng3 a5 19. Bd2 a4 20. Rad1 c6
21. Re2 g6 22. Rde1 f5 23. exf6 Kf7 24. Rxe8 Rxe8 25. Rxe8 Kxe8 26. f5 c4 27.
fxg6 hxg6 28. Ne2 Nxf6 29. Nc3 Bb4 30. a3 d4 31. axb4 dxc3 32. Bxc3 Nd5 33. Bd2
c3 34. bxc3 a3 35. Bc1 a2 36. Bb2 Ne3 37. h4 Ke7 38. g4 Ke6 39. h5 gxh5 40.
gxh5 Kf5 41. h6 Kg6 42. Kh2 Nc4 43. Ba1 Kxh6 44. Kg3 Kg5 45. Kf3 Kf5 46. Ke2
Ke4 47. Kd1 Kf3 48. Kc1 Ke2 49. Bb2 Ke1 50. Ba1 Ke2 1/2-1/2

[Event "Manhem Chessweek"]
[Site "Biblioteksgatan 2, Mölnlycke"]
[Date "2015.08.13"]
[Round "8.3"]
[White "Hillarp Persson, Tiger"]
[Black "Fries-Nielsen, Jens Ove"]
[Result "1/2-1/2"]
[WhiteElo "2541"]
[BlackElo "2434"]
[PlyCount "183"]
[EventDate "2015.08.08"]

1. d4 Nf6 2. c4 e6 3. Nc3 Bb4 4. e3 O-O 5. Bd3 d5 6. Nf3 a6 7. a3 Be7 8. cxd5
exd5 9. O-O Bg4 10. Qc2 Bxf3 11. gxf3 c5 12. dxc5 Bxc5 13. Rd1 Bd6 14. Bf1 Nc6
15. f4 Rc8 16. Bg2 d4 17. exd4 Ne7 18. Bxb7 Rc7 19. Bg2 Ng6 20. Qf5 Nh4 21. Qg5
Nxg2 22. Qxg2 Qd7 23. Be3 Rb8 24. Rd2 h6 25. Ne4 Nxe4 26. Qxe4 Re8 27. Qf3 Qf5
28. Kh1 g5 29. Rg1 Kh7 30. d5 Re4 31. Rdd1 Rc8 32. Rg4 Rg8 33. Rdg1 Rg6 34. b4
gxf4 35. Bc1 Qxd5 36. Bb2 Rd4 37. Qxd5 Rxd5 38. f3 Rd3 39. Rxg6 fxg6 40. Rf1 g5
41. Kg2 Kg6 42. Rf2 h5 43. Bc1 Rb3 44. h4 g4 45. fxg4 Rg3+ 46. Kf1 Rxg4 47. Rc2
Kf5 48. Rc6 Be5 49. Rxa6 Rxh4 50. Rc6 Ke4 51. Rc4+ Kf3 52. Kg1 Bb8 53. Rc3+ Kg4
54. b5 Be5 55. Rb3 Kf5 56. b6 Rg4+ 57. Kf1 h4 58. Bb2 Bb8 59. a4 Rg3 60. Rb5+
Kg4 61. Bd4 h3 62. Bg1 Ra3 63. a5 Kf3 64. Bf2 Kg4 65. Rb1 Ra2 66. a6 Rxa6 67.
Kg1 Ra2 68. Bc5 Rc2 69. Bd4 f3 70. b7 Kg3 71. Rf1 Rg2+ 72. Kh1 Rh2+ 73. Kg1 Re2
74. Kh1 Kf4 75. Rd1 Ke4 76. Kg1 Rg2+ 77. Kh1 Ra2 78. Kg1 Ra4 79. Bc5 Ra6 80.
Rd4+ Kf5 81. Rd1 Rg6+ 82. Kh1 Rg7 83. Rd3 Ke4 84. Rd4+ Ke5 85. Rd3 Rxb7 86.
Rxf3 Rb1+ 87. Bg1 Ba7 88. Rg3 Kf4 89. Rg8 h2 90. Kxh2 Rxg1 91. Rxg1 Bxg1+ 92.
Kxg1 1/2-1/2

[Event "Manhem Chessweek"]
[Site "Biblioteksgatan 2, Mölnlycke"]
[Date "2015.08.13"]
[Round "8.4"]
[White "Wiedenkeller, Michael"]
[Black "Rozentalis, Eduardas"]
[Result "1/2-1/2"]
[WhiteElo "2453"]
[BlackElo "2528"]
[PlyCount "23"]
[EventDate "2015.08.08"]

1. d4 Nf6 2. c4 e6 3. Nc3 Bb4 4. Qc2 d5 5. a3 Bxc3+ 6. Qxc3 dxc4 7. Qxc4 b6 8.
Bf4 Nd5 9. Bg3 O-O 10. Nf3 Ba6 11. Qc2 Nd7 12. e4 1/2-1/2

[Event "Manhem Chessweek"]
[Site "Biblioteksgatan 2, Mölnlycke"]
[Date "2015.08.13"]
[Round "8.5"]
[White "Hultin, Johan"]
[Black "Johansson, Linus"]
[Result "0-1"]
[WhiteElo "2355"]
[BlackElo "2379"]
[PlyCount "70"]
[EventDate "2015.08.08"]

1. d4 Nf6 2. c4 e6 3. Nf3 c5 4. d5 exd5 5. cxd5 d6 6. Nc3 g6 7. e4 Bg7 8. h3
O-O 9. Bd3 Nh5 10. O-O Nd7 11. Bg5 Bf6 12. Be3 Re8 13. Re1 Ne5 14. Be2 Nxf3+
15. Bxf3 Ng7 16. Qd2 Be5 17. Rab1 b6 18. b4 Bxh3 19. bxc5 bxc5 20. Nb5 Bc8 21.
Na3 Ba6 22. Be2 Bxe2 23. Rxe2 Rb8 24. Ree1 f5 25. Rxb8 Qxb8 26. Rb1 Qc7 27. f4
Bd4 28. Bxd4 cxd4 29. Nb5 Qc5 30. Qxd4 Qc2 31. Re1 Rxe4 32. Rxe4 fxe4 33. Kh2
Nf5 34. Qf6 Qd2 35. Nc7 Qxf4+ 0-1

[Event "Manhem Chessweek"]
[Site "Biblioteksgatan 2, Mölnlycke"]
[Date "2015.08.14"]
[Round "9.1"]
[White "Rozentalis, Eduardas"]
[Black "Blomqvist, Erik"]
[Result "1/2-1/2"]
[WhiteElo "2528"]
[BlackElo "2508"]
[PlyCount "61"]
[EventDate "2015.08.08"]

1. e4 c5 2. Nf3 d6 3. Bb5+ Bd7 4. Bxd7+ Nxd7 5. b3 Ngf6 6. Qe2 g6 7. Bb2 Bg7 8.
O-O O-O 9. c4 e6 10. d4 cxd4 11. Bxd4 Qa5 12. Rd1 Rfd8 13. Nbd2 a6 14. h3 Rac8
15. Qe3 Rc6 16. a4 d5 17. e5 Ne8 18. b4 Qxb4 19. cxd5 exd5 20. Rdb1 Qe7 21.
Rxb7 Nc7 22. Nb3 Ne6 23. Bb2 Qe8 24. Nbd4 Rc4 25. Nxe6 fxe6 26. Bd4 Rb8 27. Ra7
Ra8 28. Rxa8 Qxa8 29. h4 Qf8 30. a5 Nb8 31. Rc1 1/2-1/2

[Event "Manhem Chessweek"]
[Site "Biblioteksgatan 2, Mölnlycke"]
[Date "2015.08.14"]
[Round "9.2"]
[White "Fries-Nielsen, Jens Ove"]
[Black "Westerberg, Jonathan"]
[Result "0-1"]
[WhiteElo "2434"]
[BlackElo "2464"]
[PlyCount "102"]
[EventDate "2015.08.08"]

1. d4 d5 2. Nc3 Nf6 3. Bf4 Bf5 4. Nb5 Na6 5. e3 e6 6. a3 Be7 7. Nc3 Nb8 8. Be2
a6 9. g4 Bg6 10. h4 h5 11. g5 Nfd7 12. Bf3 c5 13. Nge2 cxd4 14. exd4 Nc6 15.
Be3 Bd6 16. Bf4 Bxf4 17. Nxf4 Qb6 18. Nxg6 fxg6 19. Qd3 O-O 20. O-O-O Rf5 21.
Bg2 Rxf2 22. Bh3 Na5 23. Qe3 Nc4 24. Qxe6+ Kh7 25. Qxb6 Ndxb6 26. Rde1 Raf8 27.
Re6 Nc8 28. Nxd5 Rd8 29. Nc3 N8d6 30. Bf1 Nd2 31. Bd3 Nf5 32. Nd1 Rg2 33. Ne3
Rf2 34. Nxf5 gxf5 35. Rd1 Nf3 36. Bxf5+ Kg8 37. Bd3 Nxh4 38. Bc4 Kf8 39. g6 Ng2
40. d5 b5 41. Bb3 Nf4 42. Rxa6 h4 43. a4 h3 44. axb5 h2 45. Ra4 Ne2+ 46. Kb1
Ng1 47. Rh4 Nf3 48. Rf4+ Ke7 49. Kc1 Kd6 50. Rh1 Rh8 51. Bc4 Ra8 0-1

[Event "Manhem Chessweek"]
[Site "Biblioteksgatan 2, Mölnlycke"]
[Date "2015.08.14"]
[Round "9.3"]
[White "Johansson, Linus"]
[Black "Wiedenkeller, Michael"]
[Result "1/2-1/2"]
[WhiteElo "2379"]
[BlackElo "2453"]
[PlyCount "24"]
[EventDate "2015.08.08"]

1. d4 Nf6 2. c4 e6 3. Nc3 Bb4 4. e3 O-O 5. Nge2 d5 6. a3 Be7 7. Ng3 c5 8. cxd5
exd5 9. Be2 Nc6 10. O-O a6 11. Bf3 cxd4 12. exd4 Be6 1/2-1/2

[Event "Manhem Chessweek"]
[Site "Biblioteksgatan 2, Mölnlycke"]
[Date "2015.08.14"]
[Round "9.4"]
[White "Smith, Axel"]
[Black "Hillarp Persson, Tiger"]
[Result "0-1"]
[WhiteElo "2457"]
[BlackElo "2541"]
[PlyCount "98"]
[EventDate "2015.08.08"]

1. d4 Nf6 2. c4 e6 3. Nf3 c5 4. g3 cxd4 5. Nxd4 Qc7 6. Nc3 a6 7. Bg2 Qxc4 8.
O-O d5 9. e4 Nc6 10. Nxc6 bxc6 11. Bg5 d4 12. Ne2 c5 13. Rc1 Qb5 14. Bxf6 gxf6
15. e5 Bb7 16. a4 Qd7 17. Bxb7 Qxb7 18. exf6 Bd6 19. Qd2 h5 20. b4 Qxb4 21.
Qxb4 cxb4 22. Nxd4 Kd7 23. Nb3 Rac8 24. f4 Rc3 25. Rxc3 bxc3 26. Rc1 Rc8 27.
Kf2 e5 28. f5 Rc4 29. Ke3 e4 30. a5 Be5 31. Rd1+ Kc7 32. Rd5 Bxf6 33. Rc5+ Rxc5
34. Nxc5 Bg5+ 35. Kxe4 c2 36. Nb3 Kd6 37. f6 c1=Q 38. Nxc1 Bxc1 39. Kf5 Kd5 40.
h3 Bd2 41. g4 hxg4 42. hxg4 Bxa5 43. g5 Bb4 44. g6 fxg6+ 45. Kxg6 a5 46. f7 a4
47. Kg7 a3 48. f8=Q Bxf8+ 49. Kxf8 a2 0-1

[Event "Manhem Chessweek"]
[Site "Biblioteksgatan 2, Mölnlycke"]
[Date "2015.08.14"]
[Round "9.5"]
[White "Zelbel, Patrick"]
[Black "Hultin, Johan"]
[Result "1-0"]
[WhiteElo "2450"]
[BlackElo "2355"]
[PlyCount "119"]
[EventDate "2015.08.08"]

1. e4 c5 2. c3 d5 3. exd5 Qxd5 4. Nf3 Nc6 5. Na3 Bf5 6. Bc4 Qd7 7. O-O a6 8.
Be2 Rd8 9. Nc4 Qc7 10. Re1 Nf6 11. a4 e6 12. d3 h6 13. g3 Nd5 14. Nh4 Bh7 15.
Bf1 Be7 16. Qg4 g5 17. Ng2 Nf6 18. Qd1 b5 19. axb5 axb5 20. Na3 b4 21. Nc4 Nd5
22. Bd2 Bf6 23. Qf3 Bg7 24. Nge3 O-O 25. Rac1 bxc3 26. bxc3 Nde7 27. Ng4 f5 28.
Nxh6+ Bxh6 29. Qh5 Rf6 30. Bxg5 Bxg5 31. Qxg5+ Rg6 32. Qe3 f4 33. Qxc5 Rd5 34.
Qb6 Qxb6 35. Nxb6 Rd8 36. d4 Rf6 37. Bc4 Bf5 38. f3 Kf7 39. Re2 Rd6 40. g4 Bh7
41. Na4 Nd5 42. Nc5 Ne3 43. Bd3 Rh6 44. Bxh7 Rxh7 45. Rb2 Kg6 46. Ne4 Rd8 47.
Ra1 Rh3 48. Ra6 Rc8 49. Nd6 Rb8 50. Rxb8 Nxb8 51. Ra2 Nc6 52. Ne4 Nd8 53. Ra8
Rh8 54. h4 Kf7 55. h5 Ke7 56. Ra7+ Kf8 57. Ra8 Ke7 58. Ra7+ Kf8 59. Ng5 Rh6 60.
Ra8 1-0